00611nam a2200157 a 450000100100000000500170001000800410002704000250006810000340009324501250012726000470025230000230029904900090032295201050033199900170043600003237020200930065615.0110714s1912 dr 000 0 spa d aDO-SdBNPbspacBNPHU1 aRepública Dominicana93584310aMemoria que al ciudadano presidente de la República presenta el Secretario de Estado de Agricultura é inmigración. aSanto Domingo :bImpEscobar y Cia.,c1912. a53 p. p. ;c28 cm. aBNPD 0010718PDaPDbPDcCTd2011-07-14iLF1l0o p32370-10r2020-06-25w2020-06-25yLFPDZNo se presta c31861d31861